[Event "Dortmund SuperGM 41st"]
[Site "Dortmund"]
[Date "2013.07.29"]
[Round "4"]
[White "Naiditsch, Arkadij"]
[Black "Andreikin, Dmitry"]
[Result "1-0"]
[WhiteElo "2710"]
[BlackElo "2727"]
[Annotator "Postny,E"]
[PlyCount "97"]
[EventDate "2013.07.26"]
[EventType "tourn"]
[EventRounds "9"]
[EventCountry "GER"]
[EventCategory "19"]
[SourceTitle "CBM 156"]
[Source "ChessBase"]
[SourceDate "2013.09.17"]
[SourceVersion "1"]
[SourceVersionDate "2013.09.17"]
[SourceQuality "1"]

1. e4 e5 2. Nf3 Nc6 3. Bb5 a6 4. Ba4 Bc5 5. c3 Nf6 6. d4 Ba7 7. O-O O-O {
This pretty sharp line is often employed by grandmaster Alexander Onischuk.
Objectively, it's risky for Black as it allows the unpleasant pin along the
h4-d8 diagonal while Black's dark squared bishop is far away from the kingside.
} 8. Bg5 (8. dxe5 Nxe4 9. Qd5 Nc5 10. Bc2 Ne7 11. Qd1 d5 12. exd6 Qxd6 13. Qxd6
cxd6 14. Rd1 Bf5 {1/2-1/2 (80) Karjakin,S (2739)-Onischuk,A (2699) Poikovsky
2010. The d6-weakness is compensated for by the activity of Black's pieces.})
8... h6 9. Bh4 exd4 10. Qc1 $5 {Before coming across Andreikin's preparation,
Naiditsch deviates first from his own game against Onischuk.} (10. e5 g5 11.
Bg3 Ne4 12. cxd4 d5 (12... Nxg3 13. hxg3 d6 {might be an improvement that
Andreikin intended to come up with.}) 13. Nc3 Bg4 14. Qd3 Bf5 15. Qe3 Ne7 $13 {
1-0 (22) Naiditsch,A (2689)-Onischuk,A (2672) Khanty-Mansiysk 2009}) (10. cxd4
{is also pretty dangerous for Black. My countryman grandmaster Emil Sutovsky
had a couple of crushing wins here. I wonder what Andreikin had in mind
against this line.} g5 (10... d6 11. Bxc6 bxc6 12. Nbd2 (12. Qc1 {would
transpose to our game Naiditsch-Andreikin.}) 12... Re8 (12... g5 13. Nxg5 hxg5
14. Bxg5 Re8 15. Qa4 $1 Rb8 16. Rae1 Re6 17. e5 dxe5 18. dxe5 Rxb2 19. Bxf6 $18
{1-0 (26) Sutovsky,E (2661)-Onischuk,A (2699) Poikovsky 2010}) 13. Qa4 g5 14.
Nxg5 hxg5 15. Bxg5 Re6 16. f4 Qf8 17. f5 $18 {1-0 (24) Sutovsky,E (2703)
-Nabaty,T (2563) Caleta 2012}) 11. Nxg5 hxg5 12. Bxg5 Bxd4 13. Nc3 b5 14. Nd5
$1 Re8 (14... bxa4 15. Qf3 $18 {[%csl Rf6]}) 15. Qf3 Re6 16. Bb3 Be5 17. Nxf6+
Rxf6 18. Qh5 Qf8 19. f4 Bxb2 20. Rad1 Na5 21. Bd5 Rc6 22. Rf3 {1-0 (22)
Abramov,S (2349)-Van Damme,L (2218) ICCF email 2012}) 10... d6 11. Bxc6 bxc6
12. cxd4 g5 {Black must go for this, the only defence against e4-e5.} 13. Nxg5
Nxe4 $6 {Not the best follow up. Taking the knight must be the critical test
for this line.} ({The following correspondence game is of high quality, as
usual:} 13... hxg5 14. Qxg5+ Kh7 15. Rd1 (15. Qxf6 $6 Qxf6 16. Bxf6 Kg6 17. Bh4
Bxd4 18. Nc3 Rb8 $15) 15... Rb8 16. Rd3 Rxb2 17. Nd2 Rg8 18. Qxf6 Qxf6 19. Bxf6
Rg6 {After the exchange of queens Black's king is no longer in danger.
Meanwhile Black's active pieces compensate the lack of a pawn.} 20. Bh4 Rc2 $44
{1/2-1/2 (31) Dubbeldam,A (2338)-Oudheusden,W (2222) ICCF email 2011}) 14. Nf3
Qd7 15. Nc3 ({I don't see what's wrong with the immediate capture:} 15. Qxh6 {
but, the move in the text is not worse.}) 15... f5 (15... Nxc3 16. bxc3 Kh7 17.
Re1 {is not a piece of cake for Black. His king is just weak and bishops are
far from being active.}) 16. Qxh6 Qg7 $146 {Black can't play with such an
exposed king, he must trade queens. On the other hand, White's extra pawn will
have more value in the endgame.} (16... Rb8 17. Rab1 Qg7 18. Qe3 (18. Qxg7+
Kxg7 {is an improved version of the position that occurred in the game - here
White's rook is passive, at least for a while.}) 18... Be6 $14 {0-1 (26) Murer,
E-Gyimesi,J LSS email 2007}) 17. Qxg7+ ({It's also possible to keep queens by} 
17. Qe3 {but, White's choice is more practical.}) 17... Kxg7 18. Rac1 Bb7 (
18... Rb8 19. b3 Rb4 $2 {falls to} 20. Nd5 $1 cxd5 21. Rxc7+ Rf7 22. Rxc8 $18)
19. Ne2 Bb6 $6 {Weird. White's knight is clearly heading to f4, why not
prevent it?!} (19... f4 $1 20. Rfe1 Rae8 $14) 20. Nf4 Rfe8 21. Rfd1 $16 a5 22.
d5 c5 $2 {This looks too ugly to be true. Probably Andreikin thought that
every move is bad, but the move in the text is not the lesser evil. Now White
gets access to the e6-square.} (22... cxd5 23. Nxd5 Bxd5 24. Rxd5 Kg6 {could
keep Black still in the game.}) 23. Ng5 Ba6 $6 (23... Nxg5 24. Bxg5 Kf7 {
would put up more resistance. At least White's knight won't be able to sit
comfortably on e6 as it will be driven away by Black's bishop from c8.}) 24.
Nfe6+ Kg6 25. Nxe4 fxe4 26. Rc3 $18 {This rook transfer is very annoying for
Black's monarch.} Rg8 27. Rg3+ Kh5 (27... Kh7 28. Rh3 Kg6 29. Re3 Bd3 30. Nf4+
$18) 28. Bg5 $1 Kg6 {Sadly, Black has to run into the discovered check.} 29.
Bd8+ Kf7 30. Rxg8 Kxg8 31. Bxc7 Bxc7 32. Nxc7 Ra7 33. Ne8 {The knight is doing
major damage in Black's camp.} Bd3 34. Nxd6 Rd7 35. Nf5 {Fork here, fork there,
the knight is such a tricky piece!} Rb7 36. Rd2 a4 37. a3 c4 38. h4 Kf8 39. Kh2
Rb3 {The last attempt to confuse the opponent.} 40. Nd4 c3 41. Nxb3 $1 {
No panic! This is the most convincing way.} axb3 42. bxc3 Bc2 43. Rd4 b2 44.
Rb4 b1=Q 45. Rxb1 Bxb1 46. Kg3 {Five pawns for the bishop is more than enough.}
Ke7 47. Kf4 Kd6 48. c4 Bd3 49. h5 1-0

[Event "Ortisei Server24 op 4th"]
[Site "Ortisei"]
[Date "2018.06.22"]
[Round "7"]
[White "Saric, Ivan"]
[Black "Praggnanandhaa, Rameshbabu"]
[Result "1/2-1/2"]
[WhiteElo "2685"]
[BlackElo "2529"]
[Annotator "Praggnanandhaa,R"]
[PlyCount "81"]
[EventDate "2018.06.16"]
[EventType "tourn"]
[EventRounds "9"]
[EventCountry "ITA"]
[SourceTitle "CBM 185 Extra"]
[Source "ChessBase"]
[SourceDate "2018.07.29"]
[SourceVersion "1"]
[SourceVersionDate "2018.07.29"]
[SourceQuality "1"]

1. e4 e5 2. Nf3 Nc6 3. Bb5 a6 4. Ba4 Nf6 5. O-O b5 6. Bb3 Bc5 7. c3 d6 8. d4
Bb6 9. a4 Rb8 10. a5 Ba7 11. Be3 Bg4 12. Nbd2 O-O 13. h3 Bh5 14. Qe1 exd4 15.
Nxd4 Nxd4 16. Bxd4 c5 17. Bxf6 Qxf6 18. Qe3 Rb7 (18... Kh8 $6 19. Bd5 $14 {
1-0 (49) Saric,I (2641)-Rade,M (2428) Sibenik 2015}) 19. Bd5 c4 20. Qg3 Rbb8
21. Rae1 Kh8 22. Kh1 Qd8 23. f4 f6 {Till this point I knew} 24. Ra1 Bf7 25. Nf3
Qc7 26. Nh4 b4 $6 (26... Bxd5 27. exd5 Rfe8 (27... Rbe8 28. Rae1 g6 29. f5 g5
30. Nf3 $14) 28. Rae1 Qb7 29. Nf5 Qd7 $1 $11) 27. f5 bxc3 28. bxc3 Bxd5 (28...
Rb5 29. Ng6+ Bxg6 30. fxg6 h6 $11 (30... Rxa5 31. Rae1 $16) 31. Rf5 Qxa5 $5 32.
Re1 Qa2 33. Qxd6 $16) 29. exd5 $2 (29. Ng6+ $1 Kg8 (29... hxg6 30. Qh4+ $1 (30.
fxg6 $4 Be3 $19) 30... Kg8 31. fxg6 $18) 30. Nxf8 Bxe4 31. Rfe1 $1 Qe7 (31...
Bxf5 32. Ne6 $18) 32. Nd7 $1 $18 {I missed this move during the game.
Fortunately for me my opponent did not find this move.}) 29... Rfe8 30. Rae1
Rxe1 31. Rxe1 Qxa5 32. Qf3 $2 (32. Kh2 $3 {[%cal Ge1e7] I was worried what
will I do for this move} Qc5 (32... Qxd5 $4 33. Re7 $18) 33. Ng6+ Kg8 34. Ne7+
Kh8 35. Nc6 Rg8 36. Nxa7 Qxa7 37. Qxd6 $16) 32... h6 $1 {My opponent
underestimated this move.} 33. Ng6+ Kh7 34. Ne7 $6 (34. Kh2 Qa2 35. Qg4 Qf2 36.
Re7 Qg1+ 37. Kg3 Qf2+ 38. Kh2 $11) 34... Qc5 35. Qg4 Qf2 $17 36. Rd1 Bc5 (36...
Ra8 $1 $17) 37. Nc6 Ra8 $6 (37... Rf8 38. Qxc4 Ra8 $17) 38. Rb1 $6 (38. Na5 $15
) 38... Qc2 $4 (38... Qe3 $17 {[%csl Rh1]}) 39. Re1 $11 Qxc3 40. Qg6+ Kh8 41.
Re8+ 1/2-1/2

[Event "Linares 14th"]
[Site "Linares"]
[Date "1997.02.06"]
[Round "3"]
[White "Polgar, Judit"]
[Black "Adams, Michael"]
[Result "1/2-1/2"]
[WhiteElo "2645"]
[BlackElo "2665"]
[Annotator "Psakhis,L"]
[PlyCount "50"]
[EventDate "1997.02.04"]
[EventType "tourn"]
[EventRounds "11"]
[EventCountry "ESP"]
[EventCategory "18"]
[SourceTitle "CBM 057"]
[Source "ChessBase"]
[SourceDate "1997.04.01"]
[SourceVersion "1"]
[SourceVersionDate "1997.04.01"]
[SourceQuality "1"]

1. e4 e5 2. Nf3 Nc6 3. Bb5 a6 4. Ba4 Nf6 5. O-O b5 6. Bb3 Bc5 7. a4 Bb7 8. d3
O-O 9. Nc3 Na5 10. Nxe5 (10. axb5 Nxb3 11. cxb3 Qe7 $5 (11... axb5 $6 12. Rxa8
Bxa8 13. Nxe5 d5 14. Bg5 $1 dxe4 15. dxe4 (15. Bxf6 $6 gxf6 $1 16. Qg4+ Kh8 17.
Qh5 Qe7 18. Nd7 Qxd7 19. Qxc5 Rg8 20. dxe4 Rxg2+ $11) 15... b4 16. Bxf6 gxf6
17. Nd7 bxc3 18. bxc3 Qe7 19. Qg4+ Kh8 20. Nxf8 Qxf8 21. Qf5 $16) (11... Re8 $6
12. Nxe5 Nxe4 13. dxe4 Rxe5 14. Bf4 Re6 15. bxa6 Raxa6 16. Rxa6 Bxa6 17. Re1 d6
18. Be3 $14 {Ulibin-Zvjaginsev (Kasan 1995)}) 12. bxa6 Rxa6 13. Rxa6 Bxa6 14.
Bg5 c6 $13) 10... Nxb3 11. cxb3 b4 $1 $146 (11... d5 $6 12. Bg5 $1 dxe4 13.
dxe4 b4 14. Nd5 Nxe4 $6 (14... Bxd5 15. exd5 Re8 16. Re1 $16) 15. Bxd8 Raxd8
16. Qc2 Bxd5 17. Rae1 Rfe8 18. Rxe4 Bxe4 19. Qxe4 Bd4 20. Qb7 Bxe5 21. Qxa6 $18
{Kramnik-Shirov (Frankfurt/15' 1996)}) 12. Ne2 d5 13. d4 (13. Qc2 Ba7 14. Nc6
Bxc6 15. Qxc6 dxe4 16. dxe4 Qe8 $1 17. Qxc7 Nxe4 $36) 13... Bd6 (13... Be7 14.
exd5 Nxd5 15. Re1 f6 16. Nc4 $13) (13... Ba7 $5 14. Bg5 dxe4 (14... Re8 15. Rc1
c5 16. Ng4 $16) 15. Ng4 Bc8 16. Nxf6+ gxf6 $13) 14. exd5 (14. Nxf7 Rxf7 (14...
Bxh2+ $6 15. Kxh2 Rxf7 16. e5 Ne4 $5 (16... Ng4+ $2 17. Kg3 $16) 17. f3 Qh4+
18. Kg1 Ng3 19. Nxg3 Qxg3 20. Qd2 a5 21. Qg5 $16) 15. e5 Ng4 $1 16. exd6 Qxd6 (
16... Qh4 $6 17. h3 Nxf2 18. Qe1 Raf8 19. Nf4 $1 g5 20. Qxf2 Qxf2+ 21. Rxf2
gxf4 22. dxc7 a5 23. Bd2 Rxc7 24. Bxf4 $16) 17. Ng3 (17. g3 Re8 $5 (17... Raf8
18. Nf4 Rxf4 19. Bxf4 Rxf4 20. h3 $1 (20. gxf4 Qxf4 21. Kg2 Qxh2+ 22. Kf3 Qh5
$11) 20... Qg6 (20... Ne3 21. fxe3 Rxf1+ 22. Kxf1 Qxg3 23. Qg4 $18) 21. hxg4
Rxg4 22. Re1 $16) 18. Nf4 Nf6 19. Qc2 Rfe7 20. f3 a5 $44) 17... h5 $1 18. Bg5 (
18. f4 g6 19. Qc2 Re8 $44) 18... Raf8 19. Qe1 $5 h4 $1 (19... Nxf2 $6 20. Rxf2
Rxf2 21. Be7 Qg6 22. Bxf8 Rxf8 23. Qxb4 h4 24. Rf1 $1 $16) (19... Rxf2 20. Rxf2
Rxf2 21. Qe8+ Qf8 22. Re1 $16) 20. Bxh4 Qh6 (20... Qf4 21. Be7 Re8 22. Qxb4
Nxf2 23. Rae1 a5 24. Qc5) (20... a5 21. f3 Ba6 (21... Nxh2 22. Kxh2 Qf4 23. Be7
Re8 24. Bg5 $1 Rxe1 25. Bxf4 Rxa1 26. Rxa1 Rxf4 27. Ne2 Rf6 28. Kg3 $16) 22.
Qd2 Bxf1 23. Nxf1 Nh6 24. Bg3 $16) 21. h3 Nxf2 22. Be7 Nd3 $1 23. Rxf7 Rxf7 24.
Qe2 Nf4 25. Qe5 Ng6 26. Bg5 $1 Nxe5 27. Bxh6 Nd3 28. Bd2 a5 $15) 14... Nxd5 15.
Ng3 Re8 16. Nc4 (16. Re1 Qf6 (16... c5 17. Nf5 Qf6 $5 (17... cxd4 $2 18. Nh6+
$1 Kf8 19. Nhxf7 Qc7 20. Nxd6 Qxd6 21. Qxd4) 18. Nxd6 Qxd6 19. dxc5 Qxc5 20.
Bd2 Rad8 21. Rc1 $14) 17. Nh5 Qf5 18. Ng3 Qf6 19. Nh5 $11) 16... Qh4 17. Qd3 $5
(17. Qf3 $2 Nc3 18. Qxb7 Ne2+ 19. Kh1 Bxg3 $19) (17. Na5 Bc8 18. Qf3 Be6 $44)
17... Bf4 18. Bd2 Bxd2 (18... Re6 19. Rfe1 Rae8 (19... Rh6 $6 20. h3 Bxd2 21.
Qxd2 Nf4 22. Nf5 Qg5 (22... Nxh3+ 23. Kh2) 23. Nxh6+ gxh6 24. f3 Nxh3+ (24...
Bxf3 25. Kh2) 25. Kf1 Nf4 26. Re3 $16) 20. Rxe6 Rxe6 21. Re1 Rxe1+ 22. Bxe1 $14
) 19. Qxd2 Nf4 20. f3 $1 (20. Ne3 $6 Re6 21. Rfe1 (21. Qxb4 Rh6 22. Ng4 Rb6 $19
) 21... Rh6 22. h3 Nxg2 $1 23. Nxg2 (23. Nef5 $2 Qxh3 24. Nxh6+ gxh6 25. Qxb4
Bf3 $19) 23... Qxh3 24. d5 a5 $1 $19 {/\ 25...Qh2+ 26.Kf1 Ba6+ -+} 25. Rac1
$145 Qh2+ $140 26. Kf1 Ba6+ 27. Rc4) 20... Re6 (20... Rad8 $5 21. Qxb4 Re2 $1
22. Ne3 (22. Nxe2 Nxe2+ 23. Kh1 Ng3+ 24. Kg1 Ne2+ $11) 22... Ba8 23. Nxe2 Nxe2+
24. Kh1 Ng3+ 25. Kg1 Ne2+ $11) 21. Rfe1 (21. Ne5 Rd8 (21... c5 $6 22. Ng4 Qg5
23. Rad1 h5 (23... f5 24. h4 Qxh4 25. Qxf4 fxg4 26. fxg4 Qe7 27. d5 $16) 24. h4
$1 Qxh4 25. Qxf4 hxg4 26. fxg4 $16) 22. Ng4 (22. Qxb4 Rxe5 $1 23. Qxb7 Re2 24.
Nxe2 Nxe2+ 25. Kh1 Ng3+ $11) 22... Qg5 23. Rad1 h5 24. h4 Qxh4 25. Qxf4 hxg4
26. fxg4 Rh6 27. Nh5 Bd5 28. Qxc7 Rdd6 (28... Rg6 29. Nf6+ $1) 29. Rd3 $1 Qxg4
30. Nf4 $13) (21. Qxb4 $2 Rh6 $1 22. Qxb7 Re8 $1 23. Ne5 Qxh2+ 24. Kf2 Qxg2+
25. Ke3 Qxg3 26. Rg1 Ng2+ $19) 21... Rh6 22. Kf1 $1 Rf6 (22... Qf6 23. Ne5 $1
Rxh2 $2 24. Ng4 Qg5 25. Re5 $1 Rxg2 26. Qe3 Qd8 27. Qxf4) 23. Kg1 Rh6 24. Kf1
Rf6 25. Kg1 Rh6 1/2-1/2

[Event "Sautron op 15th"]
[Site "Sautron"]
[Date "2015.10.24"]
[Round "3.6"]
[White "Lejarre, Ludovic"]
[Black "Loiseau, Quentin"]
[Result "1/2-1/2"]
[WhiteElo "2342"]
[BlackElo "2449"]
[Annotator "RR"]
[PlyCount "82"]
[EventDate "2015.10.24"]
[EventType "swiss"]
[EventRounds "9"]
[EventCountry "FRA"]
[SourceTitle "CBM 169 Extra"]
[Source "ChessBase"]
[SourceDate "2015.12.18"]
[SourceVersion "1"]
[SourceVersionDate "2015.12.18"]
[SourceQuality "1"]
[TimeControl "40/5400+30:1800+30"]
[WhiteClock "0:29:31"]
[BlackClock "0:30:59"]

1. e4 {[%emt 0:00:00]} e5 {[%emt 0:00:00]} 2. Nf3 {[%emt 0:00:37]} Nc6 {
[%emt 0:00:00]} 3. Bb5 {[%emt 0:00:40]} a6 {[%emt 0:00:00]} 4. Ba4 {[%emt 0:00:
04]} Nf6 {[%emt 0:00:00]} 5. O-O {[%emt 0:00:12]} Bc5 {[%emt 0:00:00]} (5...
Be7) 6. d3 {[%emt 0:01:56]} d6 {[%emt 0:04:44]} 7. c3 {[%emt 0:04:01]} Ba7 {
[%emt 0:02:42]} (7... O-O 8. h3 (8. Nbd2) 8... Ba7 9. Re1 b5 10. Bc2 Ne7 11.
Nbd2 Ng6 12. Nf1 Re8 13. Ng3 Bb7 14. d4 c5 15. dxe5 dxe5 16. Qxd8 Raxd8 17. Be3
Ra8 18. a4 h6 19. axb5 axb5 20. Ra5 Bc6 21. Rea1 {1/2-1/2 (21) Vallejo Pons,F 
(2684)-Ivanchuk,V (2726) Berlin 2015}) (7... b5 8. Bb3 h6) 8. Be3 {[%emt 0:07:
57]} O-O {[%emt 0:05:33]} 9. Nbd2 {[%emt 0:09:54]} Qe7 $146 {[%emt 0:13:06]} (
9... Ne7 10. Bxa7 Rxa7 11. d4 Ng6 12. Bb3 Qe7 13. Re1 Bd7 14. Nf1 Raa8 15. Ne3
Rae8 16. Nf5 Qd8 17. Ng3 Qe7 18. Qc2 c5 19. dxc5 dxc5 20. Bc4 b5 21. Bf1 c4 22.
a4 Qc5 23. h3 bxa4 24. Nd2 Bb5 25. Nb1 Nf4 26. Na3 g6 27. Rad1 Rd8 28. Rd2 h5
29. Re3 h4 30. Ne2 Nd3 31. Nc1 Nxf2 32. Rxd8 Nxh3+ 33. gxh3 Qxe3+ 34. Qf2 Qxf2+
35. Kxf2 Rxd8 {0-1 (35) Royset,P (2215)-Svetushkin,D (2576) Rethymnon 2011})
10. Bxc6 {[%emt 0:07:16]} bxc6 {[%emt 0:01:08]} 11. Bxa7 {[%emt 0:00:42]} Rxa7
{[%emt 0:00:09]} 12. d4 $14 {[%emt 0:03:37] Les Blancs ont le centre et des
pièces mieux placées} Nd7 $6 {[%emt 0:09:31]} 13. Re1 {[%emt 0:04:05]} a5 {
[%emt 0:04:06]} 14. Nc4 {[%emt 0:04:48]} (14. a4 {[%csl Ra5]} Nb6) 14... Nb6 {
[%emt 0:01:08]} 15. Ne3 $16 {[%emt 0:01:18][%csl Ge3][%cal Ge3f5]} f6 {[%emt 0:
08:49] Tient le centre mais la position Noire est assez passive} (15... exd4 $6
16. Nf5 (16. cxd4 Qxe4) 16... Bxf5 17. exf5 Qd7 18. f6 $1) 16. b3 {[%emt 0:11:
01]} Be6 {[%emt 0:01:44]} 17. Qd2 {[%emt 0:04:55]} (17. Qc2) 17... a4 $132 {
[%emt 0:08:43]} 18. b4 $1 {[%emt 0:01:02][%csl Ra7][%cal Gd4d5,Ga2a3]} a3 $1 {
[%emt 0:00:08][%csl Ra2]} 19. Qd3 {[%emt 0:10:53][%csl Gc4]} Qf7 {[%emt 0:02:
52]} 20. Re2 {[%emt 0:05:42]} Rb8 {[%emt 0:04:39]} (20... Nc4 21. Nxc4 Bxc4)
21. Rd2 {[%emt 0:01:14]} Nc4 {[%emt 0:01:42]} 22. Nxc4 {[%emt 0:00:21]} Bxc4 {
[%emt 0:00:05]} 23. Qe3 {[%emt 0:00:58]} Raa8 {[%emt 0:01:12]} 24. h3 {[%emt 0:
02:50]} (24. Nh4 $5 {[%cal Gh4f5]}) 24... g6 {[%emt 0:02:55]} 25. Nh2 $1 {
[%emt 0:01:31][%cal Gf2f4]} Qe6 {[%emt 0:12:50]} 26. f4 {[%emt 0:07:49] Il
fallait peut-être préparer davantage cette poussée car les Noirs vont
obtenir du contre-jeu} (26. Ng4) 26... exd4 $1 {[%emt 0:07:12]} 27. Qxd4 {
[%emt 0:00:07]} c5 $1 {[%emt 0:02:17]} 28. bxc5 {[%emt 0:00:13]} dxc5 {[%emt 0:
00:37]} 29. Qf2 {[%emt 0:00:46]} (29. Qxc5 Rb2 $36 {[%csl Ra1,Ra2,Gb2]} (29...
Qxe4 $2 30. Rd4)) 29... Qxe4 {[%emt 0:01:07]} 30. Ng4 {[%emt 0:00:10]} Ra6 {
[%emt 0:02:53]} 31. Qxc5 {[%emt 0:01:47]} Rc6 {[%emt 0:01:35]} 32. Qxa3 {
[%emt 0:00:59]} h5 {[%emt 0:00:27]} 33. Rd4 {[%emt 0:02:12]} Qe2 {[%emt 0:00:
32]} 34. Nf2 {[%emt 0:01:08]} (34. Qa4 $5 {[%cal Ga4c6]} Bb5 35. Qb3+ {[%csl
Rb8][%cal Ga2a4]}) 34... Re6 {[%emt 0:01:45]} (34... Bf7) 35. Qc5 {[%emt 0:00:
40]} Bxa2 {[%emt 0:00:41]} 36. Qxc7 $6 {[%emt 0:01:27]} (36. Rd7 $142 {[%cal
Gc5c7,Gd7g7]} Rbe8 37. Qxc7 $40) 36... Rbe8 {[%emt 0:00:33]} 37. Rad1 {[%emt 0:
02:02]} R6e7 {[%emt 0:00:30]} 38. Qc6 {[%emt 0:01:26]} Kg7 {[%emt 0:00:30]} 39.
R4d2 {[%emt 0:00:23]} Qc4 {[%emt 0:00:28]} 40. Qxc4 {[%emt 0:00:00]} Bxc4 {
[%emt 0:00:00]} 41. Rd7 {[%emt 0:02:16]} Bb5 1/2-1/2

[Event "Plancoet op-A 10th"]
[Site "Plancoet"]
[Date "2013.08.01"]
[Round "6"]
[White "Lintchevski, Daniil"]
[Black "Mladenov, Plamen"]
[Result "1/2-1/2"]
[WhiteElo "2529"]
[BlackElo "2405"]
[Annotator "RR"]
[PlyCount "53"]
[EventDate "2013.07.28"]
[EventType "swiss"]
[EventRounds "9"]
[EventCountry "FRA"]
[SourceTitle "EXT 2017"]
[Source "ChessBase"]
[SourceDate "2016.10.25"]
[SourceVersion "1"]
[SourceVersionDate "2016.10.25"]
[SourceQuality "1"]
[TimeControl "40/5400+30:1800+30"]

1. e4 e5 2. Nf3 Nc6 3. Bb5 a6 4. Ba4 Nf6 5. O-O b5 6. Bb3 Bc5 (6... Be7) 7. d3
(7. c3) (7. a4) 7... O-O 8. a4 (8. c3) 8... Rb8 9. axb5 axb5 10. Nc3 (10. Bg5)
10... d6 11. Bg5 h6 12. Bxf6 Qxf6 13. Nd5 Qd8 {(=)} 14. c3 Bg4 15. h3 Bxf3 16.
Qxf3 b4 17. Bc4 Ne7 18. Ra6 Nxd5 19. Bxd5 bxc3 20. bxc3 Rb2 21. Ra2 Rxa2 $11
22. Bxa2 Bb6 23. Bd5 g6 24. Ra1 Kg7 25. Ra8 Qe7 26. Rxf8 Qxf8 27. g3 1/2-1/2

[Event "ESP-chT CECLUB Honor"]
[Site "Melilla"]
[Date "2011.11.23"]
[Round "3"]
[White "Salgado Lopez, Ivan"]
[Black "Kasimdzhanov, Rustam"]
[Result "0-1"]
[WhiteElo "2621"]
[BlackElo "2675"]
[Annotator "RR"]
[PlyCount "80"]
[EventDate "2011.11.21"]
[EventType "team-tourn"]
[EventRounds "7"]
[EventCountry "ESP"]
[SourceTitle "CBM 146"]
[Source "ChessBase"]
[SourceDate "2012.01.18"]
[SourceVersion "1"]
[SourceVersionDate "2012.01.18"]
[SourceQuality "1"]
[WhiteTeam "Colegio Marcote EIKM"]
[BlackTeam "Taldea Gros Xake"]
[WhiteTeamCountry "ESP"]
[BlackTeamCountry "ESP"]

1. e4 e5 2. Nf3 Nc6 3. Bb5 a6 4. Ba4 Nf6 5. O-O b5 6. Bb3 Bc5 7. a4 Rb8 8. Nxe5
Nxe5 9. d4 Bxd4 10. Qxd4 d6 11. f4 Nc6 12. Qc3 Ne7 13. f5 O-O 14. Qe1 Bb7 15.
Qh4 Nxe4 16. Nc3 Nxc3 17. bxc3 Bd5 18. f6 Ng6 19. Qh5 Bxb3 20. cxb3 Re8 21.
fxg7 Re5 22. Qf3 Qd7 23. axb5 axb5 24. Bd2 Qe6 25. Rf2 Kxg7 26. Raf1 f5 27. c4
Kg8 28. cxb5 Rbxb5 29. b4 Re4 30. Qc3 Rc4 31. Qa1 f4 32. Qa8+ Kg7 33. Rf3 Rf5
34. Bc3+ Ne5 35. Rh3 Rg5 36. Qd8 h6 37. Bxe5+ $2 (37. Kh1 Rg6 38. Qa8 $17)
37... Rxe5 $19 38. Ra3 Re1 39. Raf3 Rcc1 40. g3 $2 (40. h3 d5 41. b5) 40...
Rxf1+ $19 0-1

[Event "Bundesliga 1112"]
[Site "Germany"]
[Date "2011.11.20"]
[Round "5.6"]
[White "Hracek, Zbynek"]
[Black "Holzke, Frank"]
[Result "1-0"]
[WhiteElo "2624"]
[BlackElo "2506"]
[Annotator "RR"]
[PlyCount "67"]
[EventDate "2011.10.14"]
[EventType "team-tourn"]
[EventRounds "15"]
[EventCountry "GER"]
[SourceTitle "CBM 146"]
[Source "ChessBase"]
[SourceDate "2012.01.18"]
[SourceVersion "1"]
[SourceVersionDate "2012.01.18"]
[SourceQuality "1"]
[WhiteTeam "Werder Bremen"]
[BlackTeam "Wattenscheid"]
[WhiteTeamCountry "GER"]
[BlackTeamCountry "GER"]

1. e4 e5 2. Nf3 Nc6 3. Bb5 a6 4. Ba4 Nf6 5. O-O Bc5 6. c3 b5 7. Bb3 d6 8. d4
Bb6 9. Be3 O-O 10. Nbd2 Bb7 11. a4 exd4 12. cxd4 Nb4 13. axb5 axb5 14. Qe2 Nxe4
15. Qxb5 Nxd2 16. Nxd2 Nc6 17. Nc4 Na7 18. Qf5 Nc8 19. Rxa8 Bxa8 20. Rc1 Ne7
21. Qd3 Bd5 22. Nxb6 cxb6 23. Bg5 f6 24. Bf4 Kh8 25. Bg3 Bxb3 26. Qxb3 Nf5 27.
f3 Nxg3 28. hxg3 f5 29. Qe6 h6 30. Rc6 f4 $6 (30... Qg5 31. Qxd6 Ra8 $14) 31.
gxf4 Qh4 32. Qe4 d5 33. Qe5 Rxf4 $2 (33... Ra8 $16) 34. Qe8+ $18 1-0